Existen al menos 25... - ¡Muerte súbita! - Estadísticas

Estadísticas generales
  • Esta prueba ha sido intentada 291 veces
  • La puntuación promedio es 3 de 21
Answers on the Grid
Answers color-coded by a green-red scale on the quiz's grid according to % correct below.
...países más grandes que Egipto
...futbolistas que han ganado el Balón de Oro
...películas del Universo Cinematográfico Marvel
...temporadas de Los Simpson
...husos horarios
...vértebras de la columna vertebral humana
...letras del alfabeto inglés
...países que forman parte de la Unión Europea
...estados sin litoral de EE.UU.
...satélites naturales de Júpiter
...semanas en 6 meses
...países que han jugado al menos un Campeonato de Europa de Fútbol
...protones en un átomo de plata
...monarquías en el mundo
...países que no empiezan por la letra S
...libros del Antiguo Testamento de la Biblia
...diferentes pilotos que han ganado el Campeonato de Fórmula 1
...yenes en un dólar
...montañas más altas de 7000 metros
...números primos entre 1 y 100
...películas que han recaudado al menos mil millones de dólares
...países con más habitantes que Francia
...estados atravesados por el Ecuador
...jugadores en un equipo de rugby
...capitales más al norte que Viena
...países fronterizos con Rusia
...onzas en una libra
...países que han sido sede de los Juegos Olímpicos de Verano
...huesos en el cráneo humano
...propiedades en el juego del Monopoly
...papas elegidos desde 1900
...diagonales en un octógono
...divisores del número 1000
...países con más habitantes que la isla de Java
...presidentes republicanos en la historia de Estados Unidos
...colores en la bandera de Belice
...países ribereños del Mediterráneo
...estrellas en la bandera de Australia
...selecciones nacionales que han ganado al menos un Mundial
...no metales en la tabla periódica
...ciudades con más habitantes que Moscú
...rascacielos de más de 500 metros de altura
 
Estadísticas de respuestas
Respuesta % Correcto
...países que no empiezan por la letra S
26%
...futbolistas que han ganado el Balón de Oro
24%
...semanas en 6 meses
24%
...temporadas de Los Simpson
21%
...países que forman parte de la Unión Europea
20%
...países que han jugado al menos un Campeonato de Europa de Fútbol
19%
...letras del alfabeto inglés
17%
...diferentes pilotos que han ganado el Campeonato de Fórmula 1
14%
...películas del Universo Cinematográfico Marvel
14%
...monarquías en el mundo
12%
...vértebras de la columna vertebral humana
12%
...yenes en un dólar
12%
...estados sin litoral de EE.UU.
11%
...satélites naturales de Júpiter
11%
...husos horarios
9%
...números primos entre 1 y 100
9%
...países más grandes que Egipto
9%
...libros del Antiguo Testamento de la Biblia
8%
...montañas más altas de 7000 metros
7%
...películas que han recaudado al menos mil millones de dólares
7%
...protones en un átomo de plata
7%
No se encontraron pruebas coincidentes
Distribución de puntuación
Porcentaje de gente con cada puntuación
Porcentaje por número respondido
Historial de tus puntuaciones
No has intentado esta prueba.